[Event "La Balanguera Nadal op"]
[Site "La Balanguera"]
[Date "2021.12.11"]
[Round "2"]
[White "Fernandez Rodriguez, Dario"]
[Black "Paris Tur, Joan"]
[Result "1-0"]
[WhiteElo "1267"]
[BlackElo "1489"]
[PlyCount "45"]
[EventDate "2021.12.10"]
[EventType "swiss"]
[EventRounds "5"]
[EventCountry "ESP"]
[SourceTitle "EXT 2023"]
[Source "ChessBase"]
[SourceDate "2022.10.05"]
[SourceVersion "1"]
[SourceVersionDate "2022.10.05"]
[SourceQuality "1"]

1. d4 c5 2. Nf3 e6 3. c4 d5 4. cxd5 cxd4 5. dxe6 Bb4+ 6. Bd2 Bxd2+ 7. Qxd2 Bxe6 8. Nxd4 Bd7 9. Nc3 Nf6 10. Qe3+ Qe7 11. Qxe7+ Kxe7 12. Ndb5 Rc8 13. e3 a6 14. Nd4 b5 15. a3 Nc6 16. Rd1 b4 17. Nxc6+ Rxc6 18. axb4 Rb8 19. b5 axb5 20. Bxb5 Rcb6 21. Bxd7 Nxd7 22. Nd5+ Ke6 23. Nxb6 1-0

[Event "Palma de Mallorca op"]
[Site "Palma de Mallorca"]
[Date "2021.11.27"]
[Round "6"]
[White "Paris Tur, Joan"]
[Black "Livesey, R Nigel"]
[Result "0-1"]
[WhiteElo "1451"]
[BlackElo "1729"]
[PlyCount "62"]
[EventDate "2021.11.22"]
[EventType "swiss"]
[EventRounds "7"]
[EventCountry "ESP"]
[SourceTitle "CBM 205 Extra"]
[Source "ChessBase"]
[SourceDate "2022.01.31"]
[SourceVersion "1"]
[SourceVersionDate "2022.01.31"]
[SourceQuality "1"]

1. c4 Nf6 2. g3 g6 3. Bg2 Bg7 4. Nc3 d6 5. d3 0-0 6. e4 e5 7. Nge2 c6 8. 0-0 Na6 9. a3 Nc7 10. b4 d5 11. exd5 cxd5 12. Bg5 Be6 13. Qb3 dxc4 14. dxc4 Qc8 15. Nd5 Bxd5 16. cxd5 Qd7 17. Nc3 Nce8 18. Rad1 Nd6 19. Rfe1 Rfe8 20. Rd2 h6 21. Be3 b6 22. f3 Rac8 23. Bf1 e4 24. f4 Nf5 25. Bb5 Rxc3 26. Qxc3 Qxb5 27. d6 Nd5 28. Qb3 Ndxe3 29. d7 Rd8 30. Rxe3 Nxe3 31. Qxe3 Rxd7 0-1

[Event "Ibiza Eivissa op 8th"]
[Site "Eivissa"]
[Date "2019.07.07"]
[Round "1"]
[White "Paris Tur, Joan"]
[Black "Prohens Lopez, Aitor"]
[Result "0-1"]
[WhiteElo "1366"]
[BlackElo "1816"]
[PlyCount "66"]
[EventDate "2019.07.07"]
[EventType "swiss"]
[EventRounds "7"]
[EventCountry "ESP"]
[SourceTitle "EXT 2020"]
[Source "ChessBase"]
[SourceDate "2019.10.17"]
[SourceVersion "1"]
[SourceVersionDate "2019.10.17"]
[SourceQuality "1"]

1. d4 Nf6 2. Bf4 e6 3. e3 c5 4. c3 Nc6 5. Nf3 d5 6. Nbd2 Bd6 7. Ne5 Qc7 8. Ndf3 Nd7 9. Nxd7 Bxd7 10. Bxd6 Qxd6 11. dxc5 Qxc5 12. Nd4 0-0 13. Bd3 e5 14. Nb3 Qe7 15. 0-0 Rad8 16. Re1 Be6 17. Qc2 f5 18. f4 e4 19. Bb5 Nb8 20. Nd4 a6 21. Ba4 Rf6 22. Rad1 Bf7 23. Bb3 Nc6 24. Rc1 Nxd4 25. cxd4 Rc6 26. Qd2 Rh6 27. Qf2 Bh5 28. Rc3 Rg6 29. Rec1 Bf3 30. g3 h5 31. h4 Qxh4 32. Kf1 Rxg3 33. Ke1 Rg1+ 0-1

[Event "Mallorca-ch U18"]
[Site "Mallorca"]
[Date "2019.04.20"]
[Round "3"]
[White "Paris Tur, Joan"]
[Black "Tomas Viver, Antoni"]
[Result "0-1"]
[WhiteElo "1392"]
[BlackElo "1224"]
[PlyCount "66"]
[EventDate "2019.04.19"]
[EventType "swiss"]
[EventRounds "5"]
[EventCountry "ESP"]
[SourceTitle "EXT 2024"]
[Source "ChessBase"]
[SourceDate "2023.10.10"]
[SourceVersion "1"]
[SourceVersionDate "2023.10.10"]
[SourceQuality "1"]

1. d4 d5 2. c4 e6 3. Nf3 Nf6 4. Nc3 c5 5. cxd5 exd5 6. Bg5 Be7 7. dxc5 Bxc5 8. Nxd5 Qxd5 9. Qxd5 Nxd5 10. 0-0-0 Ne7 11. e3 0-0 12. a3 h6 13. Bf4 Nbc6 14. h3 Bf5 15. Bc4 Rad8 16. Nd2 Ng6 17. Bg3 Be6 18. Bb5 Bd5 19. Rh2 a6 20. Ba4 b5 21. Bc2 a5 22. Bd3 b4 23. axb4 Nxb4 24. Be2 Rc8 25. Kb1 Rfd8 26. e4 Bc6 27. f3 Bd6 28. Bxd6 Rxd6 29. g3 Rb8 30. Nb3 Rxd1+ 31. Bxd1 Ba4 32. Rd2 Ne5 33. Rd5 Nxd5 0-1

[Event "Mallorca-ch U18"]
[Site "Mallorca"]
[Date "2019.04.20"]
[Round "2"]
[White "Vizcaino Mestre, Victor"]
[Black "Paris Tur, Joan"]
[Result "0-1"]
[WhiteElo "1166"]
[BlackElo "1392"]
[PlyCount "72"]
[EventDate "2019.04.19"]
[EventType "swiss"]
[EventRounds "5"]
[EventCountry "ESP"]
[SourceTitle "EXT 2024"]
[Source "ChessBase"]
[SourceDate "2023.10.10"]
[SourceVersion "1"]
[SourceVersionDate "2023.10.10"]
[SourceQuality "1"]

1. e4 d5 2. exd5 Qxd5 3. Nc3 Qa5 4. d4 Nf6 5. Nf3 Bf5 6. Bc4 Nbd7 7. 0-0 e6 8. Re1 0-0-0 9. Bd2 Qb6 10. a3 a6 11. b4 Bg4 12. Be3 Qc6 13. Qe2 Bxf3 14. gxf3 Nb6 15. Bxa6 Qxc3 16. Bb5 c6 17. Bd3 Nfd5 18. Bg5 Be7 19. Bxe7 Nxe7 20. Qd1 Rxd4 21. a4 Rxb4 22. a5 Na4 23. a6 bxa6 24. Bxa6+ Kc7 25. Re3 Qd4 26. Rd3 Qc5 27. c3 Qg5+ 28. Kf1 Nc5 29. cxb4 Nxd3 30. Qxd3 Rb8 31. Ra5 Qc1+ 32. Kg2 Rxb4 33. Rh5 Ng6 34. Qf1 Nf4+ 35. Kg1 Qxf1+ 36. Bxf1 Nxh5 0-1

[Event "Ibiza Eivissa op 6th"]
[Site "Eivissa"]
[Date "2017.07.22"]
[Round "5"]
[White "Paris Tur, Joan"]
[Black "Reina Fernandez, Fabian"]
[Result "1-0"]
[WhiteElo "1258"]
[BlackElo "1527"]
[PlyCount "83"]
[EventDate "2017.07.08"]
[EventType "swiss"]
[EventRounds "7"]
[EventCountry "ESP"]
[SourceTitle "EXT 2019"]
[Source "ChessBase"]
[SourceDate "2018.10.10"]
[SourceVersion "1"]
[SourceVersionDate "2018.10.10"]
[SourceQuality "1"]

1. e4 g6 2. Nf3 Bg7 3. d4 d6 4. Bc4 Nf6 5. Nc3 0-0 6. h3 Nbd7 7. Bf4 Qe8 8. Nd5 Nxd5 9. Bxd5 e5 10. dxe5 dxe5 11. Bg3 Kh8 12. Ng5 f6 13. Ne6 c6 14. Nxf8 Bxf8 15. Bb3 Nc5 16. Qf3 Nxb3 17. Qxb3 Qe7 18. 0-0-0 Be6 19. Qa4 Qc7 20. c4 b5 21. Qc2 Bxc4 22. b3 Ba3+ 23. Kb1 Be6 24. f3 a5 25. Rd3 Rb8 26. Be1 c5 27. Ka1 c4 28. bxc4 bxc4 29. Rxa3 Qc5 30. Rxa5 Qd4+ 31. Bc3 Qe3 32. Qd2 Qb6 33. Qb2 Qc7 34. Rb5 Ra8 35. Rb1 Rd8 36. Ba5 c3 37. Qxc3 Qa7 38. Rb6 Rc8 39. Rc6 Re8 40. Rxe6 Rxe6 41. Qc8+ Kg7 42. Qxe6 1-0